Residential retrofit standard (Record no. 121860)
[ view plain ]
| 000 -LEADER | |
|---|---|
| fixed length control field | 01538nam a22002537a 4500 |
| 008 - FIXED-LENGTH DATA ELEMENTS--GENERAL INFORMATION | |
| fixed length control field | 240319t2024 xxk|||||o|||| 00| 0 eng d |
| 020 ## - INTERNATIONAL STANDARD BOOK NUMBER | |
| ISBN | 9781783215232 |
| 041 ## - LANGUAGE CODE | |
| Language code of text/sound track or separate title | eng |
| 100 ## - MAIN ENTRY--PERSONAL NAME | |
| Personal author | Russen, Larry |
| 110 ## - MAIN ENTRY--CORPORATE NAME | |
| Corporate author | Royal Institution of Chartered Surveyors |
| 245 ## - TITLE STATEMENT | |
| Title | Residential retrofit standard |
| Subtitle | RICS Professional standard, UK |
| Medium | [Electronic resource] |
| 250 ## - EDITION | |
| Edition statement | 1st ed. |
| 260 ## - PUBLICATION INFORMATION | |
| Place of publication | London, |
| Publisher | Royal Institution of Chartered Surveyors, |
| Date | March 2024, effective 31 October 2024 |
| 300 ## - PHYSICAL DESCRIPTION | |
| Physical description | 83p. |
| 490 ## - SERIES TITLE | |
| Series statement | RICS Professional Standard |
| 520 ## - ABSTRACT | |
| Abstract | RICS’ first residential retrofit standard has been created in response to growing demand for retrofit services in the UK. It ensures that consumers carrying out retrofit upgrades to a residential property receive advice from skilled, regulated professionals, and protects the public interest by upholding high standards in a growing market. This professional standard sets out a series of concise mandatory and recommended requirements and is effective from 31 October 2024, establishing benchmarks that guide RICS members in delivering residential retrofit services tailored to their clients' evolving needs. |
| 650 ## - KEYWORDS | |
| Keywords | RESIDENTIAL PROPERTY |
| 650 ## - KEYWORDS | |
| Keywords | ENERGY EFFICIENCY |
| 650 ## - KEYWORDS | |
| Keywords | RETROFITTING |
| 651 ## - SUBJECT ADDED ENTRY--GEOGRAPHIC NAME | |
| Geographic name | United Kingdom |
| 710 ## - ADDED CORPORATE NAME | |
| Added corporate author | Royal Institution of Chartered Surveyors |
| 856 ## - ONLINE RESOURCE | |
| Uniform Resource Identifier | <a href="https://www.rics.org/profession-standards/rics-standards-and-guidance/sector-standards/real-estate-standards/retrofit">https://www.rics.org/profession-standards/rics-standards-and-guidance/sector-standards/real-estate-standards/retrofit</a> |
| Public note | Available free on RICS.org |
| 942 ## - ADDED ENTRY ELEMENTS (KOHA) | |
| Suppress in OPAC | Do not suppress in OPAC |
| Lost status | Damaged status | Not for loan | Current library | Shelving location | Date acquired | Total Checkouts | Full call number | Date last seen | Price effective from | Koha item type |
|---|---|---|---|---|---|---|---|---|---|---|
| Virtual | Online | 19/03/2024 | ONLINE PUBLICATION | 19/03/2024 | 19/03/2024 | Online material |